| 000 | 00684nam a2200229 a 4500 | ||
|---|---|---|---|
| 001 | 65129 | ||
| 003 | BD-RjUL | ||
| 005 | 20211209081405.0 | ||
| 008 | 170227s1960 pk 000 0 eng | ||
| 035 | _a(BD-RjUL)65259 | ||
| 040 |
_aDLC _cCarP _dBD-RjUL _beng |
||
| 041 | _aeng | ||
| 082 |
_223 _a954.1400882971 _bAHM 1960 |
||
| 100 | 1 |
_aAhmad Khan, Muin-ud-din. _9192921 |
|
| 245 | 1 | 0 |
_aMuslim struggle for freedom in Bengal : _bA.D.1757-1947 / _cMuin-ud-din Ahmad Khan |
| 260 |
_aDacca : _bEast Pakistan Govt. Press, _c1960. |
||
| 300 |
_a92 p. ; _c22 cm. |
||
| 650 | 0 |
_aMuslims _zIndia _zBengal. _9192922 |
|
| 651 | 0 |
_aPakistan. _9190568 |
|
| 942 |
_2ddc _cBK |
||
| 999 |
_c65129 _d65129 |
||